| 000 | 00356nam a2200133Ia 4500 | ||
|---|---|---|---|
| 005 | 20260328104324.0 | ||
| 008 | 260328s9999||||xx |||||||||||||| ||und|| | ||
| 100 | _aZimmerman, Claire | ||
| 245 | 0 |
_aMies van der Rohe 1886-1969. La Estructura del Espacio. / _cClaire Zimmerman |
|
| 260 | _bTaschen | ||
| 300 | _a96 p. | ||
| 650 | _aARQUITECTOS | ||
| 942 | _cBK | ||
| 999 |
_c11451 _d11451 |
||